[Event "Manchester op"]
[Site "Bolton"]
[Date "2023.08.20"]
[Round "4"]
[White "Raynes, Paul"]
[Black "Dietiker, Manuel"]
[Result "0-1"]
[WhiteElo "2062"]
[BlackElo "1967"]
[PlyCount "70"]
[EventDate "2023.08.18"]
[EventType "swiss"]
[EventRounds "5"]
[EventCountry "ENG"]
[SourceTitle "CBM 215 Extra"]
[Source "ChessBase"]
[SourceDate "2023.09.30"]
[SourceVersion "1"]
[SourceVersionDate "2023.09.30"]
[SourceQuality "1"]

1. d4 Nf6 2. Bf4 d6 3. Nc3 g6 4. e4 Bg7 5. Qd2 h6 6. f3 Nbd7 7. 0-0-0 c5 8. dxc5 dxc5 9. Nb5 0-0 10. Bxh6 a6 11. Nc3 b5 12. g4 b4 13. Nce2 Qa5 14. Kb1 Ne5 15. Bxg7 Kxg7 16. Nc1 Be6 17. Qf4 Rfd8 18. Rxd8 Rxd8 19. Be2 c4 20. Nh3 c3 21. Nb3 Bxb3 22. axb3 cxb2 23. Kxb2 Qc5 24. Rd1 Qc3+ 25. Kb1 Rxd1+ 26. Bxd1 a5 27. Ng1 Qd4 28. Ka2 Qxg1 29. Qxe5 Qxd1 30. g5 Qxc2+ 31. Ka1 Qc1+ 32. Ka2 Qa3+ 33. Kb1 Qxb3+ 34. Kc1 a4 35. Qxe7 Qc3+ 0-1

[Event "Basel Special op"]
[Site "Basel"]
[Date "2021.07.18"]
[Round "3"]
[White "Dietiker, Manuel"]
[Black "Haag, Gregor"]
[Result "0-1"]
[WhiteElo "2007"]
[BlackElo "2378"]
[PlyCount "114"]
[EventDate "2021.07.17"]
[EventType "swiss"]
[EventRounds "6"]
[EventCountry "SUI"]
[SourceTitle "CBM 203 Extra"]
[Source "ChessBase"]
[SourceDate "2021.09.30"]
[SourceVersion "1"]
[SourceVersionDate "2021.09.30"]
[SourceQuality "1"]

1. e4 c5 2. Nf3 e6 3. Nc3 Nc6 4. g3 Nf6 5. Bg2 Be7 6. 0-0 d5 7. exd5 Nxd5 8. d3 Nxc3 9. bxc3 0-0 10. c4 Bf6 11. Rb1 Nb4 12. a3 Na2 13. Bb2 Nc3 14. Bxc3 Bxc3 15. Nd2 Qe7 16. Rb3 Be5 17. Qb1 Rb8 18. a4 Qc7 19. Re1 g6 20. a5 Bd4 21. Nf3 Bg7 22. a6 b6 23. Qa2 Kh8 24. Nd2 f5 25. Nb1 f4 26. Nc3 Bd7 27. Nb5 Bxb5 28. cxb5 Bd4 29. g4 f3 30. c3 Be5 31. Bh3 Bxh2+ 32. Kh1 Be5 33. Qd2 Qg7 34. d4 Bf4 35. Qd3 Qh6 36. Qf1 c4 37. Rb4 Bd6 38. Rxc4 Rf4 39. Rxe6 Rxg4 40. Rxd6 Rh4 41. Kh2 Qf4+ 42. Kg1 Qxd6 43. d5 Rh5 44. Rg4 Rxd5 45. Rd4 Rxd4 46. cxd4 Qxd4 47. Qe1 Qf6 48. Qe3 Rd8 49. Qb3 Qa1+ 50. Kh2 Qe5+ 51. Kg1 Qg5+ 52. Kh2 Qf4+ 53. Kg1 Qc1+ 54. Kh2 Rd4 55. Qe6 Qf4+ 56. Kg1 Rd1+ 57. Bf1 Rxf1+ 0-1

[Event "SUI-ch HT 119th"]
[Site "Leukerbad"]
[Date "2019.07.16"]
[Round "6"]
[White "Cebalo, Miso"]
[Black "Dietiker, Manuel"]
[Result "0-1"]
[WhiteElo "2242"]
[BlackElo "2001"]
[PlyCount "70"]
[EventDate "2019.07.11"]
[EventType "swiss"]
[EventRounds "9"]
[EventCountry "SUI"]
[SourceTitle "EXT 2020"]
[Source "ChessBase"]
[SourceDate "2019.10.17"]
[SourceVersion "1"]
[SourceVersionDate "2019.10.17"]
[SourceQuality "1"]

1. d4 Nf6 2. Nf3 g6 3. c4 Bg7 4. Nc3 d6 5. e4 0-0 6. Be2 e5 7. 0-0 Nc6 8. d5 Ne7 9. Ne1 Nd7 10. Be3 f5 11. f3 f4 12. Bf2 g5 13. Nd3 Nf6 14. c5 Ng6 15. Rc1 Rf7 16. cxd6 cxd6 17. Qb3 g4 18. Rc2 g3 19. hxg3 fxg3 20. Bxg3 Nh5 21. Bf2 Qg5 22. Nd1 Bh3 23. Ne1 Bxg2 24. Nxg2 Ngf4 25. Nde3 Nxg2 26. Ng4 Nhf4 27. Kh1 h5 28. Nh2 Nh3 29. Bd1 Ngf4 30. Be3 Bh6 31. Qb4 Rg7 32. Qxd6 Kh8 33. Qb4 Rag8 34. Qe1 Qg6 35. Bxf4 Qg1+ 0-1

[Event "Goch op 26th"]
[Site "Goch"]
[Date "2015.09.06"]
[Round "6"]
[White "Dietiker, Manuel"]
[Black "Michalczak, Thomas"]
[Result "0-1"]
[WhiteElo "1911"]
[BlackElo "2184"]
[PlyCount "46"]
[EventDate "2015.09.03"]
[EventType "swiss"]
[EventRounds "7"]
[EventCountry "GER"]
[SourceTitle "EXT 2018"]
[Source "ChessBase"]
[SourceDate "2017.10.13"]
[SourceVersion "1"]
[SourceVersionDate "2017.10.13"]
[SourceQuality "1"]

1. e4 c5 2. Nf3 Nc6 3. Nc3 g6 4. d4 cxd4 5. Nxd4 Bg7 6. Be3 Nf6 7. f3 0-0 8. Bc4 Qb6 9. Qd2 Nxe4 10. fxe4 Bxd4 11. Bxd4 Qxd4 12. Qxd4 Nxd4 13. 0-0-0 Nc6 14. Nd5 Rb8 15. Bb5 Re8 16. Nc7 Rd8 17. Nd5 Kf8 18. Rhf1 Ne5 19. Ba4 d6 20. Bb3 Be6 21. h3 Rdc8 22. Rd2 Ke8 23. Rdf2 Nd3+ 0-1

[Event "Goch op 26th"]
[Site "Goch"]
[Date "2015.09.05"]
[Round "4"]
[White "Dietiker, Manuel"]
[Black "Eveleens, Wim"]
[Result "1-0"]
[WhiteElo "1911"]
[BlackElo "2139"]
[PlyCount "99"]
[EventDate "2015.09.03"]
[EventType "swiss"]
[EventRounds "7"]
[EventCountry "GER"]
[SourceTitle "EXT 2018"]
[Source "ChessBase"]
[SourceDate "2017.10.13"]
[SourceVersion "1"]
[SourceVersionDate "2017.10.13"]
[SourceQuality "1"]

1. e4 e6 2. b3 d5 3. Bb2 Nf6 4. e5 Nfd7 5. f4 c5 6. Nf3 Nc6 7. Be2 g6 8. 0-0 Bg7 9. d4 0-0 10. Kh1 b6 11. Nc3 f6 12. Bb5 Nxd4 13. Nxd4 cxd4 14. exf6 Bxf6 15. Na4 Nc5 16. Bxd4 Ne4 17. Bxf6 Qxf6 18. Bc6 Rb8 19. c4 Qh4 20. Qe1 Qxe1 21. Raxe1 Bb7 22. Bxb7 Rxb7 23. Nb2 Rbf7 24. Nd3 dxc4 25. bxc4 Nd2 26. Rf2 Nxc4 27. Rxe6 Rd7 28. Ne1 b5 29. g3 Rf5 30. Rfe2 Nd2 31. Kg2 Kf7 32. Nf3 Nxf3 33. Kxf3 a5 34. Ra6 b4 35. Re5 Rd3+ 36. Ke4 Ra3 37. Ra7+ Kg8 38. Rxf5 gxf5+ 39. Kxf5 Kf8 40. Kf6 Ke8 41. Re7+ Kd8 42. Re2 a4 43. f5 b3 44. axb3 axb3 45. Rb2 Ra6+ 46. Kg7 Ra7+ 47. Kf8 Rb7 48. f6 Kd7 49. f7 Ke6 50. Kg8 1-0

[Event "Goch op 26th"]
[Site "Goch"]
[Date "2015.09.03"]
[Round "1"]
[White "Feller, Sebastien"]
[Black "Dietiker, Manuel"]
[Result "1-0"]
[WhiteElo "2619"]
[BlackElo "1911"]
[PlyCount "87"]
[EventDate "2015.09.03"]
[EventType "swiss"]
[EventRounds "7"]
[EventCountry "GER"]
[SourceTitle "EXT 2018"]
[Source "ChessBase"]
[SourceDate "2017.10.13"]
[SourceVersion "1"]
[SourceVersionDate "2017.10.13"]
[SourceQuality "1"]

1. d4 Nf6 2. c4 e6 3. Nf3 b6 4. Nc3 Bb7 5. Bg5 h6 6. Bh4 Bb4 7. Qb3 Bxc3+ 8. bxc3 g5 9. Bg3 d6 10. Nd2 Nbd7 11. f3 0-0 12. e4 e5 13. h4 g4 14. h5 Kh7 15. 0-0-0 Qe8 16. Qc2 Rg8 17. f4 Kh8 18. Bd3 a6 19. Rdf1 Nh7 20. fxe5 dxe5 21. Rf5 f6 22. Rhf1 Rg5 23. Bh4 Rxf5 24. Rxf5 Qe7 25. Kb1 Re8 26. Qc1 Ng5 27. Bxg5 hxg5 28. Rf1 exd4 29. cxd4 Qb4+ 30. Qb2 Qxb2+ 31. Kxb2 c5 32. d5 Kg7 33. Kc2 Rh8 34. Be2 Ne5 35. Rb1 b5 36. cxb5 axb5 37. Bxb5 Rxh5 38. Be8 Rh2 39. Rxb7+ Kf8 40. Rb8 Ke7 41. Bb5 Rxg2 42. Rb7+ Kd8 43. d6 Kc8 44. d7+ 1-0

[Event "Belp op"]
[Site "Belp"]
[Date "2015.05.25"]
[Round "5"]
[White "Rohrer, Christophe"]
[Black "Dietiker, Manuel"]
[Result "1/2-1/2"]
[WhiteElo "2095"]
[BlackElo "1929"]
[PlyCount "90"]
[EventDate "2015.05.23"]
[EventType "swiss"]
[EventRounds "5"]
[EventCountry "SUI"]
[SourceTitle "EXT 2016"]
[Source "ChessBase"]
[SourceDate "2015.10.08"]
[SourceVersion "1"]
[SourceVersionDate "2015.10.08"]
[SourceQuality "1"]

1. e4 c5 2. Nf3 e6 3. d4 cxd4 4. Nxd4 a6 5. Bd3 Nc6 6. Nb3 Qc7 7. Nc3 b5 8. a3 Bb7 9. Qe2 d6 10. 0-0 Nf6 11. f4 Be7 12. Bd2 0-0 13. Rae1 e5 14. f5 Nd4 15. Nxd4 exd4 16. Nd1 Nd7 17. Bf4 Bf6 18. Nf2 Be5 19. Ng4 f6 20. Nxe5 Nxe5 21. Bxe5 dxe5 22. Rf3 Rfc8 23. Rh3 h6 24. Qg4 Kf8 25. Qe2 Bc6 26. g4 Ke7 27. Rg3 Be8 28. Rg2 Bf7 29. h4 Rh8 30. Qd2 Qc5 31. Kf2 Rac8 32. Qb4 Qxb4 33. axb4 g5 34. fxg6 Bxg6 35. Ra1 Rc6 36. Rgg1 Rg8 37. Ra5 Bf7 38. Kf3 Be6 39. Raa1 Rg7 40. Rg2 Kd8 41. Rag1 Rcc7 42. Ke2 Rg8 43. Kd2 Rcg7 44. Be2 Kc7 45. Bf3 Kd6 1/2-1/2